<?xml version="1.0" encoding="UTF-8"?><?xml-stylesheet type="text/xsl" href="static/style.xsl"?><OAI-PMH xmlns="http://www.openarchives.org/OAI/2.0/" xmlns:xsi="http://www.w3.org/2001/XMLSchema-instance" xsi:schemaLocation="http://www.openarchives.org/OAI/2.0/ http://www.openarchives.org/OAI/2.0/OAI-PMH.xsd"><responseDate>2026-04-14T04:47:55Z</responseDate><request verb="GetRecord" identifier="oai:www.recercat.cat:20.500.12327/4732" metadataPrefix="marc">https://recercat.cat/oai/request</request><GetRecord><record><header><identifier>oai:recercat.cat:20.500.12327/4732</identifier><datestamp>2025-10-22T11:10:06Z</datestamp><setSpec>com_2072_4428</setSpec><setSpec>com_2072_4427</setSpec><setSpec>col_2072_487898</setSpec></header><metadata><record xmlns="http://www.loc.gov/MARC21/slim" xmlns:dcterms="http://purl.org/dc/terms/" xmlns:xsi="http://www.w3.org/2001/XMLSchema-instance" xmlns:doc="http://www.lyncode.com/xoai" xsi:schemaLocation="http://www.loc.gov/MARC21/slim http://www.loc.gov/standards/marcxml/schema/MARC21slim.xsd">
   <leader>00925njm 22002777a 4500</leader>
   <datafield ind2=" " ind1=" " tag="042">
      <subfield code="a">dc</subfield>
   </datafield>
   <datafield ind2=" " ind1=" " tag="720">
      <subfield code="a">Fernández-Bastit, Leira</subfield>
      <subfield code="e">author</subfield>
   </datafield>
   <datafield ind2=" " ind1=" " tag="720">
      <subfield code="a">Marfil, Sílvia</subfield>
      <subfield code="e">author</subfield>
   </datafield>
   <datafield ind2=" " ind1=" " tag="720">
      <subfield code="a">Pradenas, Edwards</subfield>
      <subfield code="e">author</subfield>
   </datafield>
   <datafield ind2=" " ind1=" " tag="720">
      <subfield code="a">Blanco, Julià</subfield>
      <subfield code="e">author</subfield>
   </datafield>
   <datafield ind2=" " ind1=" " tag="720">
      <subfield code="a">Vergara-Alert, Júlia</subfield>
      <subfield code="e">author</subfield>
   </datafield>
   <datafield ind2=" " ind1=" " tag="720">
      <subfield code="a">Segalés, Joaquim</subfield>
      <subfield code="e">author</subfield>
   </datafield>
   <datafield ind2=" " ind1=" " tag="260">
      <subfield code="c">2025-05-16</subfield>
   </datafield>
   <datafield ind2=" " ind1=" " tag="520">
      <subfield code="a">The severe acute respiratory syndrome coronavirus 2 (SARS-CoV-2) caused the coronavirus disease 19 (COVID-19) pandemic, significantly impacting global health, economies, and social stability. In February 2020, the first cases of SARS-CoV-2 infections in animals were documented, highlighting the potential risks posed by regular human–animal interactions in facilitating viral transmission. In consequence, it is essential to validate surveillance methods for SARS-CoV-2 in animals. In the present study, 101 sera from different animal species (36 cats, 41 dogs, 4 ferrets, 10 wild boar, 6 domestic goats, and 4 lions) were tested using three different ELISA kits to evaluate humoral responses against SARS-CoV-2. ELISA results were compared and correlated with a pseudovirus neutralization test (pVNT), considered as the reference assay. ELISA-1, targeting the receptor binding domain (RBD) neutralizing antibodies (nAbs) of SARS-CoV-2, exhibited the highest diagnostic performance, and proved to be a reliable tool for initial screenings in high-throughput animal studies. In contrast, ELISA-2 (also targeting RBD nAbs) and ELISA-3 (targeting nucleoprotein antibodies) demonstrated lower sensitivity for detecting seropositive animals.</subfield>
   </datafield>
   <datafield ind1="8" ind2=" " tag="024">
      <subfield code="a">Fernández-Bastit, Leira, Sílvia Marfil, Edwards Pradenas, Julià Blanco, Júlia Vergara-Alert, and Joaquim Segalés. 2025. “Comparison of Three Commercial ELISA Kits for Detection of Antibodies Against SARS-CoV-2 in Serum Samples From Different Animal Species.” Viruses 17 (5): 716. https://doi.org/10.3390/v17050716.</subfield>
   </datafield>
   <datafield ind1="8" ind2=" " tag="024">
      <subfield code="a">1999-4915</subfield>
   </datafield>
   <datafield ind1="8" ind2=" " tag="024">
      <subfield code="a">http://hdl.handle.net/20.500.12327/4732</subfield>
   </datafield>
   <datafield ind1="8" ind2=" " tag="024">
      <subfield code="a">https://doi.org/10.3390/v17050716</subfield>
   </datafield>
   <datafield ind2="0" ind1="0" tag="245">
      <subfield code="a">Comparison of Three Commercial ELISA Kits for Detection of Antibodies Against SARS-CoV-2 in Serum Samples from Different Animal Species</subfield>
   </datafield>
</record></metadata></record></GetRecord></OAI-PMH>